Visualizzazione normale
Vista MARC
- Berruti G.
di Personal Name
Records bibliografici associati: 1
001 - CONTROL NUMBER
- control field: 47912
003 - CONTROL NUMBER IDENTIFIER
- control field: IT-RoPau
005 - DATE AND TIME OF LATEST TRANSACTION
- control field: 20151201113119.0
008 - FIXED-LENGTH DATA ELEMENTS
- fixed length control field: 151201|| aca||aabn | a|a d
040 ## - CATALOGING SOURCE
- Original cataloging agency: IT-RoPau
- Transcribing agency: IT-RoPau
100 ## - HEADING--PERSONAL NAME
- Personal name: Berruti G.
- Relator term: (soggetto)
- Miscellaneous information: Codice Soggetto SPICS: 38575
670 ## - SOURCE DATA FOUND
- Source citation: Work cat.: (IT-RoPau)106635: Rolando Giuseppe Codice regista SPICS: 38574 40708, ALBERO VERDE ALBERO VERDE (Rif. Codice opera principale : V0888)